Macromedia Fireworks: Using fireworks /
| Байгууллагын зохиогч: | |
|---|---|
| Формат: | Ном |
| Хэвлэсэн: |
California:
Macromedia Inc.
2000
|
| Нөхцлүүд: |
MARC
| LEADER | 00000nam a2200000Ia 4500 | ||
|---|---|---|---|
| 008 | 180716b2000 us ||||| |||| 00| | e d | ||
| 999 | |c 2034 |d 2034 | ||
| 090 | |a 08.15.02 |b 1061 | ||
| 110 | |a Macromedia Inc. |9 4071 | ||
| 245 | 1 | 0 | |a Macromedia Fireworks: Using fireworks / |c Macromedia Inc. |
| 260 | |a California: |b Macromedia Inc. |c 2000 | ||
| 300 | |a 423 páginas | ||
| 650 | 1 | 4 | |a PROGRAMAS DE COMPUTADORA |9 1302 |
| 650 | 1 | 4 | |a MANUALES |9 426 |
| 942 | |i 001775 |h 08.15.02 1061 |2 z |c 01 | ||
